Metal frontman quiz - Statistics

General Stats
  • This quiz has been taken 34 times
  • The average score is 8 of 15
Answer Stats
Hint Answer % Correct
Metallica James Hetfield
86%
Motörhead Lemmy
82%
Slipknot Corey Taylor
79%
Megadeth Dave Mustaine
75%
Limp Bizkit Fred Durst
75%
Judas Priest Rob Halford
75%
Korn Jonathan Davis/Jdevil
71%
Cannibal Corpse George Fisher/Corpsegrinder/Chris Barnes
57%
Slayer Tom Araya
57%
Rammstein Till Lindemann
54%
Black Light Burns (who was also guitarist of the band above) Wes Borland
32%
Death Chuck Shuldiner
29%
Strapping Young Lad Devin Townsend
21%
Machine Head Robb Flynn
18%
Ministry Al Jourgensen
14%
No matching quizzes found
Score Distribution
Percent of People with Each Score
Percentile by Number Answered
Your Score History
You have not taken this quiz